000 00507 a2200181 4500
999 _c5108
_d5108
010 _aENG-86739
020 _a8181574087
_c200.00
035 _aEN-70272
037 _bDBAD / PUB
082 1 4 _a881
100 _aRamagopal, S.
245 1 _aPausing moves /
_cby S.Ramagopal
260 _aKolkata
_bWriters Workshop
_c2005
270 _a162/92, Lake Gardens
_bKolkata
_e700 045
300 _a111p
_c22cm (Hb)
490 _aA writers workshop redbird book
942 _adpl
_cEN
_2ddc
_h881
_mRAM